000 00518nam a22001697a 4500
003 OSt
082 _a631.3
_bMEH/DE
088 _aP 617
100 _aMeharban Shah U M
_96212
245 _aDevelopment and evaluation of power tiller operated ridge plastering attachment /
260 _aTavanur :
_bDepartment of Farm Machinery & Power Engineering,
_c2024.
700 _aAbhaya C Anil
_96213
700 _aAditya Tiwari
_96214
700 _aShubham Sonu
_96215
700 _aSanchu Sukumaran (Guide)
_94968
942 _cPR
999 _c18091
_d18091